| 000 | 00683nam a2200181 a 4500 | ||
|---|---|---|---|
| 005 | 20140412111252.0 | ||
| 008 | 000824s19uu xx 00 eng d | ||
| 020 | _a0-689-80381-8 | ||
| 050 |
_aTR(PS E _bGr75 1980 |
||
| 100 | _aBang, Molly | ||
| 245 |
_aGrey lady and the strawberry snatcher (The)/ _cby Molly Bang. |
||
| 260 |
_aNew York : _bAladdin Paperbacks, _c1980. |
||
| 300 | _a1 v. (unp.) ; ill. | ||
| 520 | _aThe strawberry snatcher tries to wrest the strawberries from the grey lady but as he follows her through shops and woods she dicovers some delicious blackberries instead. | ||
| 650 | _aStories without words | ||
| 650 | _aStrawberries-Fiction | ||
| 999 |
_c103181 _d103181 |
||